Edgar H. Schein (Record no. 81144)

MARC details
000 -LEADER
fixed length control field 03130namaa2200481uu 4500
001 - CONTROL NUMBER
control field doab133796
003 - CONTROL NUMBER IDENTIFIER
control field oapen
005 - DATE AND TIME OF LATEST TRANSACTION
control field 20260218110440.0
006 - FIXED-LENGTH DATA ELEMENTS--ADDITIONAL MATERIAL CHARACTERISTICS
fixed length control field m o d
007 - PHYSICAL DESCRIPTION FIXED FIELD--GENERAL INFORMATION
fixed length control field cr|mn|---annan
008 - FIXED-LENGTH DATA ELEMENTS--GENERAL INFORMATION
fixed length control field 240131s2024 xx |||||o ||| 0|eng d
020 ## - INTERNATIONAL STANDARD BOOK NUMBER
International Standard Book Number 9781003366355
020 ## - INTERNATIONAL STANDARD BOOK NUMBER
International Standard Book Number 9781003366355
020 ## - INTERNATIONAL STANDARD BOOK NUMBER
International Standard Book Number 9781032432403
020 ## - INTERNATIONAL STANDARD BOOK NUMBER
International Standard Book Number 9781040005163
020 ## - INTERNATIONAL STANDARD BOOK NUMBER
International Standard Book Number 9781040005255
024 7# - OTHER STANDARD IDENTIFIER
Standard number or code 10.4324/9781003366355
Source of number or code doi
040 ## - CATALOGING SOURCE
Original cataloging agency oapen
Transcribing agency oapen
Modifying agency
041 0# - LANGUAGE CODE
Language code of text/sound track or separate title eng
042 ## - AUTHENTICATION CODE
Authentication code dc
245 00 - TITLE STATEMENT
Title Edgar H. Schein
Remainder of title The Artistry of a Reflexive Organizational Scholar-Practitioner
260 ## - PUBLICATION, DISTRIBUTION, ETC.
Place of publication, distribution, etc. Oxford
Name of publisher, distributor, etc. Taylor & Francis
Date of publication, distribution, etc. 2024
300 ## - PHYSICAL DESCRIPTION
Extent 1 online resource (204 p.)
336 ## - CONTENT TYPE
Content type term text
Content type code txt
Source rdacontent
337 ## - MEDIA TYPE
Media type term computer
Media type code c
Source rdamedia
338 ## - CARRIER TYPE
Carrier type term online resource
Carrier type code cr
Source rdacarrier
490 1# - SERIES STATEMENT
Series statement Routledge Studies in Organizational Change & Development
506 0# - RESTRICTIONS ON ACCESS NOTE
Standardized terminology for access restriction Unrestricted online access
Source of term star
520 ## - SUMMARY, ETC.
Summary, etc. The contribution of Edgar H. Schein to the field of management, organisation studies and applied behavioural science is both extensive and deep. For almost 70 years, he has creatively and systematically shaped theory and practice in areas including organisation development and change, career dynamics, the cultural dynamics of complex systems, leadership, process consultation and the clinical inquiry/research paradigm. He has written extensively on the process of organisational change and framed the construct of the clinical approach to research. With such an extensive corpus over such a long period, Schein has been termed a "transcendent thought leader" and it is in this spirit that a volume exploring his work offers a contribution how scholars and practitioners can come to understand their engagement in organisations. This singular volume adopts a reflective perspective on the work of Edgar Schein as a social scientist and shows how he developed his craft as an engaged organisational scholar-practitioner through reflexive attention to his experience in working with managers and organisations and generating knowledge out of action. The intended contribution is both to present Schein's work to students and scholars of organisation studies and to offer a reflexive methodological framework to engage scholar-practitioner in any field.
540 ## - TERMS GOVERNING USE AND REPRODUCTION NOTE
Terms governing use and reproduction Creative Commons
-- https://creativecommons.org/licenses/by-nc-nd/4.0/
-- cc
Uniform Resource Identifier <a href="https://creativecommons.org/licenses/by-nc-nd/4.0/">https://creativecommons.org/licenses/by-nc-nd/4.0/</a>
546 ## - LANGUAGE NOTE
Language note English
650 #7 - SUBJECT ADDED ENTRY--TOPICAL TERM
Topical term or geographic name entry element Economics
Source of heading or term bicssc
650 #7 - SUBJECT ADDED ENTRY--TOPICAL TERM
Topical term or geographic name entry element Events management industries
Source of heading or term bicssc
650 #7 - SUBJECT ADDED ENTRY--TOPICAL TERM
Topical term or geographic name entry element Management: leadership & motivation
Source of heading or term bicssc
650 #7 - SUBJECT ADDED ENTRY--TOPICAL TERM
Topical term or geographic name entry element Occupational & industrial psychology
Source of heading or term bicssc
650 #7 - SUBJECT ADDED ENTRY--TOPICAL TERM
Topical term or geographic name entry element Organizational theory & behaviour
Source of heading or term bicssc
650 #7 - SUBJECT ADDED ENTRY--TOPICAL TERM
Topical term or geographic name entry element Psychological theory & schools of thought
Source of heading or term bicssc
650 #7 - SUBJECT ADDED ENTRY--TOPICAL TERM
Topical term or geographic name entry element Sports & outdoor recreation
Source of heading or term bicssc
720 1# - ADDED ENTRY--UNCONTROLLED NAME
Name Coghlan, David
Relator code aut
793 0# -
-- DOAB Library.
856 ## - ELECTRONIC LOCATION AND ACCESS
Uniform Resource Identifier <a href="https://docs.google.com/spreadsheets/d/1yKIrdCPDAG_9c22mwoOIO2DOhtj65Wqa/edit?usp=sharing&ouid=106555315294820607512&rtpof=true&sd=true ">https://docs.google.com/spreadsheets/d/1yKIrdCPDAG_9c22mwoOIO2DOhtj65Wqa/edit?usp=sharing&ouid=106555315294820607512&rtpof=true&sd=true </a>
Link text List of Curated E-Books
942 ## - ADDED ENTRY ELEMENTS (KOHA)
Koha item type E-Book
Holdings
Withdrawn status Damaged status Not for loan Home library Current library Date acquired Total Checkouts Date last seen Price effective from Koha item type
      Directory of Open Access Books Directory of Open Access Books 12/09/2024   12/09/2024 12/09/2024 E-Book

University of Rizal System
Email us at univlibservices@urs.edu.ph

Visit our Website www.urs.edu.ph/library